| 000 | 01095nam a22002777a 4500 | ||
|---|---|---|---|
| 003 | OSt | ||
| 005 | 20200907150304.0 | ||
| 008 | 200907b2013 ck p|||br|||| 00| 0dspa d | ||
| 022 | _29583011037 | ||
| 040 |
_aCO-JMCR _cCO-JMCR |
||
| 041 | 0 | _aspa | |
| 082 | 0 | 4 |
_aC / _bPERg _223 |
| 100 | 1 |
_aPeralta, Maria del Sol, _eautora _99900 |
|
| 245 | 1 | 3 |
_aLa gata Clea / _cMaria del Sol Peralta ; ilustraciones Esperanza Vallejo |
| 260 |
_aBogotá : _bPanamericana, _c2013. |
||
| 300 |
_a[23] páginas ; _bilustraciones a color ; _c16 X 23 cm. |
||
| 490 | 1 | _aQue pase el tren | |
| 500 | _aDatos biográficos de los autores en solapas. | ||
| 520 | 0 | _aAhora si estoy segura de que de que los gatos tienen siete vidas. Frida, mi pequeña gata, dejo dejo todas sus vidas cuando callo desde el séptimo piso hasta el primer piso del edificio. | |
| 521 | _aInfantil. | ||
| 650 | 2 | 4 |
_2Cuentos infantiles _vLiteratura juvenil _zColombiano _99901 |
| 650 | 2 | 4 | _2Materiales en español. |
| 650 | 2 | 4 | _2Cuentos infantiles colombianos |
| 700 | 1 |
_aVallejo, Esperanza, _eilustradora _99902 |
|
| 942 |
_2ddc _cBK |
||
| 999 |
_c6825 _d6825 |
||